00687nam a22001695i 4500001000700000003000900007005001700016008004100033100005000074245012900124250004800253260006800301300002200369650004200391700003400433852005000467162116ES-MaACL20251204170747.0990104s1875 sp |||| | spa d1 aPiernas y Hurtado, José Manuel, d1843-191110aManual de instituciones de Hacienda Pública española / cpor José M. Piernas y Hurtado y Mariano de Miranda y Eguía. a2ª ed., ref. y considerablemente mejorada. aMadrid : b[s.n.], c1875 (fImp. de la Sociedad Tipográfica) a612 p. ; c22 cm.00aHacienda pública-zEspaña-yS.XIX1 aMiranda y Eguía, Mariano de aES-MaACLjG-14383 z- Enc. pasta española